000 00704nam a2200229Ia 4500
003 OSt
005 20220925174346.0
006 a|||||r|||| 00| 0
007 ta
008 220923b |||||||| |||| 00| 0 eng d
037 _cGeneral Book
040 _aRTL
_cRTL
_beng
041 _2eng
_aeng
082 _aX9(D66,122).2.N96 - N95r, N6/GD
110 _aNational Standard Duncan limited.
_9246655
245 0 _aAnnual report, 1995-96.
260 _aCalcutta
_bNationsl Standard Duncan ltd.
_c1995
300 _a36p.
_ccm.
700 _aNational Standard Duncan limited.
_9246656
942 _hX9(D66,122).2.N96 - N95r, N6/GD
_cGB
_2CC
999 _c490757
_d490757